| 000 | 00634nam a22002177a 4500 | ||
|---|---|---|---|
| 003 | PILC | ||
| 005 | 20151027153319.0 | ||
| 008 | 130919t xxu||||| |||| 00| 0 eng d | ||
| 020 | _a9780673800633 | ||
| 050 |
_aPE 1117 _b.C392f 1993 |
||
| 082 |
_aGS 372.4 _bCel.6C 1993 |
||
| 245 |
_aFree to fly : _bA User's guide to the imagination / |
||
| 260 |
_aIllinois : _bScott, Foresman and Company, _c1993. |
||
| 300 |
_a128 p. : _c21 cm. _bill. : col. ; |
||
| 440 |
_aCelebrate reading! _920980 |
||
| 650 |
_aReading _9902 |
||
| 650 |
_aChildrens Stories _95902 |
||
| 650 |
_aImagination _920985 |
||
| 942 |
_2lcc _cBK |
||
| 999 |
_c11717 _d11717 |
||